| 000 | 00463 a2200169 4500 | ||
|---|---|---|---|
| 001 | 066703 | ||
| 003 | OSt | ||
| 005 | 20211006112413.0 | ||
| 008 | |||
| 082 |
_a519.50285 _bG28C |
||
| 100 | 1 | _aGentle, James E. | |
| 245 | 1 |
_aComputational statistics _cby James E. Gentle |
|
| 260 |
_aNew York _bSpringer _c2009 |
||
| 300 | _a727p. | ||
| 690 | _aMathematical statistics--Data processing; Mathematical statistics | ||
| 942 |
_2ddc _cBK |
||
| 999 |
_c718 _d718 |
||